000 00468nam a2200169Ia 4500
008 241115s9999 xx 000 0 und d
020 _a978-81-265-0837-2
082 _a005.256 VAH
100 _aVahid, Frank
245 0 _aEmbedded Systems Design: a unified hardware/software introduction
250 _a3rd ed
260 _aIndia:
_bJohn Wiley & Son,
_c2009
300 _axxi,324p.
600 _aComputer Science
650 _aComputer Science
942 _cBBD
999 _c26738
_d26738